Bioquímica / (Registro nro. 663)
[ vista simple ]
| 000 -CABECERA | |
|---|---|
| Campo de control | 01185cam a2200301 a 4500 |
| 005 - FECHA Y HORA DE LA ULTIMA TRANSACCION | |
| Campo de control | 20191224041538.0 |
| 008 - ELEMENTOS DE LONGITUD FIJA—INFORMACION GENERAL | |
| Campo de control | 920408r1998 us a r 00110 spa d |
| 020 ## - ISBN | |
| ISBN | 0201629348 (Estados Unidos) |
| 040 ## - FUENTE DE CATALOGACIÓN | |
| Agencia catalogadora original | la |
| Agencia transcriptora | la |
| Agencia Modificadora | CO-BoIAVH |
| 041 1# - IDIOMA | |
| Código de idioma para texto/pista de sonido o título separado | Español |
| Código de idioma de la versión original y/o traducciones intermedias del texto | Inglés |
| 044 ## - PAÍS DE PUBLICACIÓN | |
| País de publicación | Estados Unidos |
| 082 04 - NUMERO DE CLASIFICACION DECIMAL DEWEY | |
| Número de clasificación | 571.74 |
| Número del ítem | B67b |
| 100 1# - ASIENTO PRINCIPAL--NOMBRE PERSONAL | |
| Nombre personal | Bohinski, Robert C. |
| Término relacionado | autor |
| 9 (RLIN) | 28266 |
| 245 10 - MENCION DE TITULO | |
| Título | Bioquímica / |
| Mención de responsabilidad | Robert C. Bohinski ; versión en español de Ramón Elizondo Mata ; con la colaboración de Ernesto Bautista Barrera. |
| 250 ## - MENCION DE EDICION | |
| Mención de edición | Quinta edición |
| 260 ## - PUBLICACION, DISTRIBUCION, ETC. (PIE DE IMPRENTA) | |
| Lugar de publicación, distribución, etc. | Wilmington (Delaware, Estados Unidos) ; |
| Nombre del editor, distribuidor, etc. | Addison-Wesley Iberoamericana, |
| Fecha de publicación, distribución, etc. | 1991. |
| 300 ## - DESCRIPCION FISICA | |
| Extensión | xii, 739 páginas : |
| Otros detalles físicos | ilustraciones ; |
| Dimensiones | 26 x 20 cm. |
| 504 ## - NOTA DE BIBLIOGRAFIA, ETC. | |
| Nota de bibliografía | Incluye referencias bibliográficas e índice. |
| 534 ## - NOTA DE VERSION ORIGINAL | |
| Frase introductoria | Título original. |
| Título del original | Modern concepts in biochemistry. |
| 650 26 - ASIENTO SECUNDARIO DE MATERIA - TERMINO TEMATICO | |
| Término temático o nombre geográfico como elemento de entrada | Bioquímica |
| 9 (RLIN) | 84239 |
| 650 26 - ASIENTO SECUNDARIO DE MATERIA - TERMINO TEMATICO | |
| Término temático o nombre geográfico como elemento de entrada | Genética molecular |
| 9 (RLIN) | 6801 |
| 650 26 - ASIENTO SECUNDARIO DE MATERIA - TERMINO TEMATICO | |
| Término temático o nombre geográfico como elemento de entrada | Síntesis de proteínas |
| 9 (RLIN) | 84232 |
| 650 26 - ASIENTO SECUNDARIO DE MATERIA - TERMINO TEMATICO | |
| Término temático o nombre geográfico como elemento de entrada | Bioquímica |
| Subdivisión general | técnicas de laboratorio |
| 9 (RLIN) | 84241 |
| 650 26 - ASIENTO SECUNDARIO DE MATERIA - TERMINO TEMATICO | |
| Término temático o nombre geográfico como elemento de entrada | Secuencia de ADN |
| 9 (RLIN) | 66882 |
| 700 1# - ASIENTO SECUNDARIO - NOMBRE PERSONAL | |
| Nombre personal | Elizondo Mata, Ramón |
| Término de relación | traducción |
| 9 (RLIN) | 84233 |
| 700 1# - ASIENTO SECUNDARIO - NOMBRE PERSONAL | |
| Nombre personal | Bautista Barrera, Ernesto |
| Término de relación | traducción |
| 9 (RLIN) | 84242 |
| 942 ## - ELEMENTOS ADICIONALES (KOHA) | |
| Sistema de clasificación | Dewey Decimal Classification |
| Tipo de ítem | Libro |
| Withdrawn status | Lost status | Sistema de Clasificación | Damaged status | No para préstamo | Colección | Inventariado | Ubicación Permanente | Ubicación actual | Fecha de adquisición | Fuente de Valor | Valor | Total Checkouts | Número topográfico | Inventario / Código de Barras | Date last seen | Ejemplar | Price effective from | Forma de adquisición | Tipo de material |
|---|---|---|---|---|---|---|---|---|---|---|---|---|---|---|---|---|---|---|---|
| Dewey Decimal Classification | General | Inventariado 2017 | Sala Fabio Quevedo | Sala Fabio Quevedo | 07/01/1998 | Iberlibro | 55000.00 | LB-571.74 B67b | 000936 | 04/12/2012 | Ej.1 | 04/12/2012 | Compra | Libro |